01092cam a22002894a 450000100090000000300040000900500170001300800410003001000170007102000220008804000180011004200080012805000230013608200210015924500700018024600280025026000480027830000320032644000290035850400410038765000430042865000300047170000220050185600820052385600910060585601060069613868076OSt20240415153808.0050211s2006 caua b 001 0 eng  a 2005003582 a1412909295 (pbk.) aDLCcDLCdDLC apcc00aHD58.7b.C358 200600a302.3/5222bSEI00aCases in organizational behavior /c[edited by] Gerard H. Seijts.3 aOrganizational behavior aThousand Oaks :bSage Publications,cc2006. ax, 295 p. :bill. ;c24 cm. 4aThe Ivey casebook series aIncludes bibliographical references. 0aOrganizational behaviorvCase studies. 0aManagementvCase studies.1 aSeijts, Gerard H.413Table of contents onlyuhttp://www.loc.gov/catdir/toc/ecip057/2005003582.html423Publisher descriptionuhttp://www.loc.gov/catdir/enhancements/fy0658/2005003582-d.html423Contributor biographical informationuhttp://www.loc.gov/catdir/enhancements/fy0739/2005003582-b.html